[Event "Moscow Tal Memorial 5th"]
[Site "Moscow"]
[Date "2010.11.07"]
[Round "3"]
[White "Eljanov, Pavel"]
[Black "Kramnik, Vladimir"]
[Result "0-1"]
[WhiteElo "2755"]
[BlackElo "2790"]
[Annotator "Krasenkow,M"]
[PlyCount "98"]
[EventDate "2010.11.05"]
[EventType "tourn"]
[EventRounds "9"]
[EventCountry "RUS"]
[EventCategory "21"]
[SourceTitle "CBM 139"]
[Source "ChessBase"]
[SourceDate "2010.11.18"]
[SourceVersion "1"]
[SourceVersionDate "2010.11.18"]
[SourceQuality "1"]

1. d4 Nf6 2. c4 e6 3. Nc3 Bb4 4. Qc2 d5 5. a3 Bxc3+ 6. Qxc3 Ne4 7. Qc2 c5 8.
dxc5 Nc6 9. e3 (9. Nf3 Qa5+ 10. Nd2 $5 {is more aggressive here.}) 9... Qa5+
10. Bd2 Nxd2 (10... Qxc5 {is less common.}) 11. Qxd2 dxc4 (11... Qxc5 {is
possible here, too.}) 12. Bxc4 (12. Qxa5 Nxa5 13. Rc1 b5 $5 14. cxb6 Bb7 $5 $44
{is the main topic of today's theoretical discussions in this system.}) 12...
Qxc5 13. Rc1 Qe7 ({The endgame after} 13... Qg5 14. f4 Qh4+ 15. Qf2 Qxf2+ 16.
Kxf2 Ke7 {is nearly equal, e.g.} 17. Nf3 Bd7 18. b4 Rac8 19. g4 h6 20. h4 Rc7
21. Be2 Rhc8 22. g5 Nd8 23. Rxc7 Rxc7 24. Ne5 Be8 25. Rd1 hxg5 26. fxg5 f6 $11
{1/2 Sokolov,I (2684)-Ribli,Z (2574)/Germany 2002/EXT 2003 (35)}) {However,
Black prefers to keep queens, posing more problems to out-of-form GM Pavel
Eljanov.} 14. Nf3 O-O 15. b4 {[%cal Yd2b2]} (15. O-O Rd8 16. Qc3 (16. Bd3 e5
17. e4 Be6 18. Qe3 f6 $11 {1/2 Koneru,H (2622)-Hou,Y (2570)/Nalchik 2010/CBM
136 (75)}) 16... Bd7 17. b4 a6 18. Bd3 (18. e4 Na7 19. e5 Bc6 20. Be2 Nb5 21.
Qe3 a5 $132 {1/2 Fridman,D (2630)-Cruz,C (2534)/Leon 2008/CBM 127 Extra (49)})
18... Rac8 19. Qb2 Na7 20. h3 Bb5 21. Bxb5 Nxb5 22. Ne5 h6 23. a4 Nd6 24. Rfd1
Rxc1 25. Rxc1 Ne8 26. a5 Nc7 {1/2 Bocharov,D (2582)-Riazantsev,A (2617)/
Novokuznetsk 2008/CBM 126}) 15... Rd8 16. Qb2 Bd7 17. O-O (17. b5 Na5 18. Be2
b6 19. Qb4 Qxb4+ 20. axb4 Nb7 21. Ne5 Nd6 22. Nc6 Bxc6 23. bxc6 a5 $1 $132 {
0-1 Morozevich,A (2771)-Karjakin,S (2706)/Nice 2009/CBM 129 Extra (68)}) 17...
Qf6 {After all Black decides to trade queens. The resulting position is,
however, slightly preferable for White due to his better bishop and Black's
inferior pawn sructure.} (17... Rac8 $5 18. Rfd1 a6) 18. Qxf6 gxf6 $14 19. Be2
(19. Rfd1 Be8 20. Rxd8 Rxd8 21. Bb5 Kf8 22. Kf1 Ke7 23. Ke2 Bd7 24. Bd3 f5 25.
g3 Rg8 $6 (25... a6) 26. Rc5 f6 27. e4 fxe4 28. Bxe4 Rg7 29. Bxc6 Bxc6 30. Nd4
$16 {1-0 Palme,R-Eliskases,E/Berlin 1938/HCL (56)}) 19... a5 $6 {Too
aggressive.} (19... Rac8 20. Rfd1 Kf8) (19... Ne7 $5 20. Rfd1 a6 21. Rc7 $140
$6 Nd5) 20. b5 Ne7 {[%csl Ra5,Rb6,Rb7,Rd7] Black´s bishop is now constricted,
and his queenside pawns are vulnerable.} 21. Rfd1 Nd5 (21... Be8 22. Nd2 $1 {
[%cal Yd2c4,Ya3a4,Yd2e4]}) 22. e4 $1 (22. g3 Be8) 22... Nf4 23. Bf1 {[%cal
Yg2g3]} e5 {This weakening is practically forced; otherwise Black's pieces
can't breathe!} 24. Nh4 $1 Bg4 $6 (24... Kf8 {may be more to the point but
after} 25. g3 {White keeps a clear plus:} Nh3+ (25... Ng6 26. Rc7 Bg4 27. Rxd8+
Rxd8 28. Nf5 Bf3 29. Ne3 $1 Bxe4 30. Bg2 $16) (25... Ne6 26. Nf5) 26. Kg2 Ng5
27. f3 {[%csl Rg5]} Be8 28. Rxd8 Rxd8 29. Rc7 Rd2+ 30. Kg1 Rd7 31. Rc8 $16) 25.
f3 Be6 26. Nf5 $6 (26. Rxd8+ Rxd8 27. Rc7 $16 {[%csl Gc7]} Rd7 $140 28. b6 $1
Kf8 29. Nf5 $1 Bxf5 30. exf5 Rd1 31. Rxb7 Rb1 32. Rb8+ Ke7 33. b7 {, and White
should convert his extra pawn.}) 26... Bxf5 27. exf5 Nd5 28. Rd3 $6 (28. Kf2
$16 {[%cal Yf1d3,Yd3e4] was still very strong.}) 28... Rd7 29. Rc4 (29. Rcd1
Rad8 $11 {[%cal Yd5b6]}) 29... Rad8 30. Ra4 $6 {Starting a series of awful
rook moves.} (30. Kf2 $11) 30... b6 31. Rg4+ Kf8 32. Rh4 $2 (32. Rc4 Ne7 33.
Rxd7 Rxd7 34. g4 Rd2 $1 35. Rc7 Nd5 36. Rc6 $15) 32... Ne7 $1 33. Rxd7 Rxd7 {
[%cal Gd7d1,Re7f5,Rf5e3][%mdl 4096]} 34. Rxh7 Nxf5 35. Rh5 {This poor rook
still remains out of play! But its activation (after losing so much time)
didn't solve White's problems:} (35. Rh8+ Kg7 36. Rb8 Rd1 $1 37. Kf2 (37. Rxb6
Ne3 38. Kf2 Nxf1 39. Ra6 Rb1 40. Rxa5 Nd2) 37... Rd2+ 38. Ke1 Ra2 39. Rxb6 Ne3
$5 40. Ra6 (40. Bd3 Nxg2+ 41. Kf1 Nf4 $17) 40... Ra1+ 41. Kf2 Nxf1 42. Rxa5 Nd2
43. Ra4 $1 Ra2 $1 44. Ke3 $1 Nb3 $1 {In this sharp endgame Black keeps good
winning chances.}) 35... Ne3 $1 {[%cal Rd7d1] And the white bishop is caged,
too!} 36. Kf2 (36. Be2 Rd2 37. Kf2 Nxg2 (37... Nc2 $5)) 36... Nc2 $1 37. f4 (
37. Rh8+ Kg7 38. Rb8 Rd2+ $1 39. Kg1 $8 Ne3 40. Rxb6 Rd1 (40... f5 $5 41. Rc6
Rd1 42. Kf2 Nxf1 43. b6 Rb1 44. Rc5 Nd2 45. Rxe5 Nc4 46. Rc5 Nxb6 47. Rxa5 f4)
41. Kf2 Nxf1 42. Ra6 Rb1 43. Rxa5 Nd2 {- see annotation to move 35.}) 37... e4
{[%csl Ge4]} 38. Rh8+ Kg7 39. Rc8 (39. Rb8 $142 e3+ 40. Kf3 Re7 {[%cal Rc2d4]}
41. Rd8 Nxa3 42. Bd3 Nb1 $1 {[%cal Yb1d2,Yd2b3]} 43. Rc8 Nd2+ 44. Ke2 Nb3 45.
Rc4 a4 $1 $17) 39... Rd2+ 40. Be2 Nxa3 41. Ke3 {The white king will be
vulnerable here.} (41. Rb8 {was, however, hopeless enough. Here is a possible
line, and look at the moves of the black knight:} Rb2 $1 (41... Nxb5 42. Ke1
Rd5 43. Rxb6 Nc3 $17) 42. Rxb6 a4 {[%cal Ra3c2,Ra4a3,Ra3a2]} 43. Ra6 Nxb5 {
[%cal Rb5c3]} 44. Ke3 Nc3 $1 45. Bc4 f5 $1 46. Kd4 Nd1 47. Ra7 (47. Rxa4 Rd2+
48. Ke5 Nb2 49. Rb4 e3 $19) 47... e3 $1 48. Rxf7+ Kg6 49. Re7 (49. Ke5 Rb5+ $1
50. Bxb5 Kxf7 $19 {[%csl Ga4,Ge3]}) 49... Rxg2 {, and Black should win.}) 41...
Rb2 42. Rb8 (42. g4 Nxb5 43. Bxb5 Rxb5 $19 {_|_}) 42... f5 $1 {[%cal Ra3c2]}
43. Bf1 Rb1 44. Be2 Rb3+ 45. Kf2 Nxb5 46. Rxb6 e3+ $1 47. Kg3 Nd4 48. Rxb3 Nxb3
49. Kf3 $2 (49. Bb5 $8 {could have prolonged White's torture:} Nd4 {[%csl Gd4]}
50. Bc4 (50. Ba4 Kf6 51. Bd7 Ke7 52. Ba4 Kd8 $22 53. h4 {This pawn must move
forward to its death!} Ke7 54. h5 Kf6 55. Be8 Kg7 56. Bd7 (56. h6+ Kxh6 57.
Bxf7 a4 58. Bc4 a3 {[%cal Yh6g7,Yg7f8,Yf8e7,Ye7d6,Yd6c5,Yc5b4,Yb4c3]}) 56...
Kh6 57. Be8 Kxh5 58. Bxf7+ Kh6 59. Be8 Kg7 $19 {[%cal Yg7f8,Yf8e7,Ye7d6,Yd6c5,
Yc5b4]}) 50... a4 51. Bd5 a3 52. Bc4 Kf8 53. Bd5 Ke7 54. h4 (54. Bc4 Kd6 55.
Ba2 Kc5 $1 56. h4 Kb4 57. h5 Kc3 $19) 54... Kf6 55. h5 Kg7 56. Bc4 f6 57. Bd5
Kh6 58. Bf7 Ne2+ 59. Kf3 Nc3 60. Kxe3 a2 61. Bxa2 Nxa2 $19) 49... a4 (49... a4
50. Bd1 Nd4+ $1 51. Kxe3 a3 $19) 0-1

[Event "Wch Blitz 5th"]
[Site "Moscow"]
[Date "2010.11.16"]
[Round "10"]
[White "Kramnik, Vladimir"]
[Black "Eljanov, Pavel"]
[Result "1-0"]
[WhiteElo "2791"]
[BlackElo "2742"]
[PlyCount "61"]
[EventDate "2010.11.16"]
[EventType "tourn (blitz)"]
[EventRounds "38"]
[EventCountry "RUS"]
[EventCategory "20"]
[SourceTitle "EXT 2011"]
[Source "ChessBase"]
[SourceDate "2010.11.26"]
[SourceVersion "1"]
[SourceVersionDate "2010.11.26"]
[SourceQuality "1"]

1. Nf3 d5 2. c4 c6 3. e3 Bg4 4. cxd5 cxd5 5. Qb3 Qc7 6. Bb5+ Nd7 7. Nc3 Bxf3 8.
gxf3 e6 9. d4 Ngf6 10. e4 a6 11. Be2 dxe4 12. fxe4 e5 13. dxe5 Nxe5 14. Bg5 Be7
15. Bxf6 Bxf6 16. Nd5 Qa5+ 17. Kf1 O-O 18. f4 Ng6 19. e5 Rad8 20. Rd1 Nxf4 21.
Nxf4 Qxe5 22. Nh5 Rxd1+ 23. Bxd1 Bg5 24. Qg3 Qc5 25. Rg1 Bh6 26. Nxg7 Kh8 27.
Nh5 f6 28. Kg2 Rg8 29. Bg4 f5 30. b4 Qd5+ 31. Kf1 1-0

[Event "Wch Blitz 5th"]
[Site "Moscow"]
[Date "2010.11.17"]
[Round "21"]
[White "Kramnik, Vladimir"]
[Black "Nakamura, Hikaru"]
[Result "0-1"]
[WhiteElo "2791"]
[BlackElo "2741"]
[PlyCount "110"]
[EventDate "2010.11.16"]
[EventType "tourn (blitz)"]
[EventRounds "38"]
[EventCountry "RUS"]
[EventCategory "20"]
[SourceTitle "EXT 2011"]
[Source "ChessBase"]
[SourceDate "2010.11.26"]
[SourceVersion "1"]
[SourceVersionDate "2010.11.26"]
[SourceQuality "1"]

{[%evp 0,103,25,13,35,1,24,1,9,17,12,19,16,16,16,-23,15,-35,10,21,15,31,47,39,
32,7,13,17,27,-24,47,-4,14,-40,8,18,18,2,14,-4,3,2,2,-9,33,20,48,49,53,50,27,
51,56,19,35,20,110,15,15,1,0,1,0,0,0,7,36,-33,-87,-87,-81,-55,-76,-22,-21,-74,
-74,-128,-150,-150,-150,-125,-125,-146,-172,-158,-168,-198,-214,-230,-206,-255,
-255,-255,-242,-262,-239,-232,-249,-244,-244,-350,-350,-400,-1011,-1011]} 1.
Nf3 e6 2. c4 b6 3. g3 Bb7 4. Bg2 Nf6 5. O-O Be7 6. d4 O-O 7. Re1 c5 8. d5 exd5
9. Nh4 Ne4 10. cxd5 Bxh4 11. Bxe4 Bf6 12. Qc2 h6 13. Bf4 d6 14. Nd2 Qe7 15. Bg2
Nd7 16. a4 Rfe8 17. Nc4 Ne5 18. Bxe5 Bxe5 19. Qb3 Ba6 20. Nxe5 Qxe5 21. e3 c4
22. Qc3 Rac8 23. e4 Qxc3 24. bxc3 Rc5 25. f4 Bb7 26. Rad1 Ra5 27. e5 Rxa4 28.
exd6 Rd8 29. Re7 Bc8 30. Rc7 Bf5 31. Re1 Rxd6 32. h3 h5 33. g4 hxg4 34. hxg4
Bxg4 35. Re8+ Kh7 36. Rxf7 Bh5 37. Be4+ Bg6 38. Bxg6+ Kxg6 39. Ree7 Rxd5 40.
Rxg7+ Kf5 41. Rg5+ Kf6 42. Rxd5 Kxe7 43. Rd4 b5 44. Kf2 Ra3 45. Re4+ Kf6 46.
Re3 a5 47. Re5 Rb3 48. Ke2 a4 49. Kd2 a3 50. Kc2 a2 51. Re1 Rb1 52. Rxb1
axb1=Q+ 53. Kxb1 Kf5 54. Kb2 Kxf4 55. Ka3 Ke3 0-1

[Event "London Classic 2nd"]
[Site "London"]
[Date "2010.12.10"]
[Round "3"]
[White "McShane, Luke J"]
[Black "Kramnik, Vladimir"]
[Result "1/2-1/2"]
[WhiteElo "2645"]
[BlackElo "2791"]
[Annotator "Postny,E"]
[PlyCount "278"]
[EventDate "2010.12.06"]
[EventType "tourn"]
[EventRounds "7"]
[EventCountry "ENG"]
[EventCategory "19"]
[SourceTitle "CBM 140"]
[Source "ChessBase"]
[SourceDate "2011.01.18"]
[SourceVersion "1"]
[SourceVersionDate "2011.01.18"]
[SourceQuality "1"]

1. e4 e5 2. Nf3 Nc6 3. Bb5 Nf6 4. O-O Nxe4 5. d4 Nd6 6. Bxc6 dxc6 7. dxe5 Nf5
8. Qxd8+ Kxd8 {This year the famous "Berlin Wall" got a new boost.} 9. Nc3 Ke8
{Kramnik chooses the plan of keeping the king in the centre. The other main
alternative goes with 9...Bd7 followed by transferring the king to the
queenside.} 10. h3 h5 {It's impossible to cover all the possible lines, but,
believe me, both sides have enough reasonable alternatives on every move.
Years ago, I used to play 10...Ne7 myself, transferring the knight either to
g6, or d5, according to circumstances. This plan, however, consumes a lot of
time, and is out of fashion nowadays.} 11. Ne2 {I find this move already a
slight inaccuracy. This manoeuvre is rather typical, and might be recommended
if Black hade played 10...h6 instead of 10...h5. In that case the knight would
be heading to h5. In our case the manoeuvre Ne2-f4 would be met by Bf8-e7
followed by g7-g5 driving the knight away.} (11. Rd1 {This seems like a better
try. At least, it forced Kramnik to show some accurate defence in order to
neutralise White's initiative.} Be7 (11... b6 12. Bf4 Bb7 13. e6 fxe6 14. Bxc7
$14) 12. Ne2 Be6 13. Nf4 Bc8 14. Ne2 Be6 15. Ned4 Rd8 16. Bf4 Nxd4 17. Nxd4 Bc8
18. e6 Bxe6 19. Bxc7 Rd5 20. c4 Rd7 21. Nxe6 fxe6 22. Bb8 Bc5 23. Rxd7 Kxd7 24.
Rd1+ Kc8 25. Be5 Rf8 26. Rd2 g6 $11 {1/2-1/2 Caruana,F (2700)-Kramnik,V (2780)/
Khanty Mansiysk 2010/CBM 139 (46)}) 11... b6 {Black used to play 11...Be7 in
preceding games, but the move in the text seems to me more flexible.} 12. Bf4 (
12. Rd1 Bb7 13. Nf4 Be7 $1 $11 {with the afore-mentioned idea g7-g5.}) ({
Black doesn't experience any problems either after} 12. Bg5 Bb7 13. Nf4 c5)
12... c5 13. Rad1 Bb7 {The bishop is excellent on the long diagonal.} 14. Ng5
Rh6 $1 {A good way to bring the rook into play.} 15. Ng3 Nh4 {The exchange of
knights is perfectly playable for Black, but Kramnik has grounds to play for
more than equality.} 16. f3 Be7 17. Rfe1 (17. e6 fxe6 18. N5e4 Rg6 19. Bxc7
Nxg2 20. Kxg2 h4 21. Rfe1 hxg3 22. c4 $11) 17... Rg6 18. N5e4 Bc6 $1 (18...
Nxg2 19. Kxg2 Bxe4 (19... h4 $4 {loses to} 20. Nd6+ $1) 20. Rxe4 h4 {leads to
a worse version of what Black achieved in the game later on.}) 19. Kh2 {
White couldn't make a more useful move.} (19. Rd2 $6 Nxf3+ $1 20. gxf3 h4 $15)
19... Nxg2 $1 20. Kxg2 h4 21. c4 (21. Nd6+ $1 {With this "punch in the air"
White is hunting the dark-squared bishop in order to equalise.} Kf8 22. Ndf5
hxg3 23. Nxe7 Kxe7 24. e6 Rxe6 25. Bxc7 {Opposite coloured bishops promise
White an easy draw.}) 21... hxg3 22. Nc3 Rd8 23. Nd5 Rd7 24. b3 Bd8 25. Re4 $6
{This move covers the h4-square, thus enabling White to capture the Pg3 on the
next move. However, it allows Black to regroup his pieces and drive away
White's centralised knight very soon.} (25. Rd3 {The plan of doubling the
rooks along the d-file looks more sensible. The Pg3 won't run away. Here is a
sample line:} Kf8 (25... Bb7 $4 26. Nf6+ $1 gxf6 27. exf6+ $18) 26. Red1 Bh4
27. Ne3 Rxd3 28. Rxd3 Ke8 29. Ng4 {White is still slightly worse, though, but
I find this position better than in the game.}) 25... Bb7 26. Bxg3 b5 $1 {
Undermining the knight, and, at the same time clearing the rest of the 6th
rank for Black's rook.} 27. Kf2 Rh6 28. h4 Kf8 29. Ke2 Ra6 30. Rd2 bxc4 31.
bxc4 c6 32. Nc3 Rxd2+ 33. Kxd2 Bc8 {The bishop comes into play via another
diagonal. White is going to suffer cause of his numerous pawn weaknesses.} 34.
Bf2 Be7 35. Re1 Bf5 36. Kc1 Be6 ({I must admit that I couldn't figure out what
was wrong with} 36... Bd3 37. Rd1 Bxc4 $17 {. The penetration to the 7th rank
yields White nothing.}) 37. Re4 Rb6 $2 {This allows White to activate the
knight.} ({The strategy of slow improvement would have been the most
unpleasant for White. For example:} 37... g6 38. Kd2 Ke8 39. Kc1 Kd7 40. Kd2
Ra3 {White is practically in zugzwang.}) 38. Na4 Rb4 39. Nb2 (39. Nxc5 Bf5 (
39... Rxc4+ 40. Rxc4 Bxc4 41. Kb2 $11) 40. a3 Rb8 41. Re2 Rb1+ 42. Kd2 Ra1 43.
e6 Ra2+ 44. Ke1 Rxa3 45. Nd7+ Ke8 46. exf7+ $1 Kxd7 47. Rxe7+ $1 Kxe7 48. Bc5+
Kxf7 49. Bxa3 $11) 39... g6 40. a3 $2 {Unnecessarily giving access to the
b3-square.} ({It was the right moment to activate the rook:} 40. Re3 $1 g5 41.
h5 Kg7 42. Ra3 Rb7 43. Ra6 {with sufficient counterplay.}) 40... Rb3 41. Re3
Rb7 {Kramnik correctly keeps the rook on the board.} 42. Rc3 Bf5 $17 43. Na4 (
43. Nd3 Kg7 {wouldn't change much.}) 43... Kg7 44. Kd2 (44. Nxc5 $4 Rb1+ 45.
Kd2 Rb2+ 46. Ke1 Rxf2 47. Kxf2 Bxc5+ $19) 44... Bd8 $1 {[%cal Gd8a5]} 45. Ke2
Rb1 46. Bxc5 Bxh4 {All Black's pieces have reached maximal activity.} 47. Bxa7
Re1+ 48. Kd2 Rh1 49. Ke2 Re1+ {Gaining some time on the clock is always useful.
} 50. Kd2 Rh1 51. Ke2 Rh2+ 52. Kd1 Bg5 53. Nc5 Bf4 54. Nb3 g5 55. Nd4 Bh3 56.
Rc2 Rh1+ 57. Ke2 Bd7 58. Bb8 $2 (58. Bc5 Bxe5 {is in Black's favour, but
nothing decisive.}) 58... c5 $19 59. e6 $1 {The only chance to stir up
complications.} ({The variation} 59. Nb5 Bf5 60. Rc3 Rh2+ 61. Kd1 g4 62. fxg4
Bxg4+ 63. Ke1 Bd2+ $19 {shows the remarkable domination of Black's bishops.})
59... Ba4 60. Bxf4 gxf4 $2 {Kramnik grabs the wrong piece.} (60... Bxc2 $1 61.
e7 Rh8 62. Ne6+ Kf6 $1 63. Nxg5 Re8 $19) 61. Nf5+ Kf6 62. exf7 Rh8 63. Rd2 Kxf5
64. Rd5+ Kf6 65. Rxc5 Bc2 (65... Rf8 66. Kd3 Rxf7 67. Ke4 {and Black's last
pawn won't survive.}) 66. Rd5 Kxf7 67. Rd4 Rh2+ 68. Ke1 Ke6 (68... Rh4 69. c5 {
Black can't win with such a passive rook, and will have to part with his last
pawn anyway.}) 69. Rxf4 Ke5 70. Rf7 Kd4 71. Re7 Bd3 72. a4 Ra2 73. a5 Bxc4 74.
Re4+ Kd3 75. Re5 Kc3 76. Re7 Bd3 77. Re8 Kd4 78. Re7 Bb5 79. Re4+ Kd3 80. Re6
Bc4 81. Re5 Rb2 82. Re7 Bb5 83. Re6 Ra2 84. Kf1 Bc4 85. Re7 Bd5 86. Rd7 Kc4 87.
Ke1 Bxf3 88. Rd2 Ra3 89. a6 Bd5 90. Rc2+ Kd3 91. Rd2+ Ke4 92. Re2+ Kf4 93. Kd2
Be4 94. a7 Ra2+ 95. Ke1 Rxa7 {From now on White needs to survive fifty more
moves. One should know that in practice it's not easy at all to prove the
theoretical draw. I can recall enough examples from titled players' practice
when the defensive side didn't make it. In the current game McShane didn't go
astray.} 96. Kf2 Rd7 97. Rb2 Rd3 98. Ra2 Rf3+ 99. Ke1 Rh3 100. Rf2+ Bf3 101.
Rb2 Rh8 102. Kd2 Rd8+ 103. Kc3 Ke3 104. Rb6 Rc8+ 105. Kb4 Kd4 106. Rd6+ Bd5
107. Rb6 Rc1 108. Rb5 Bc6 109. Rb6 Kd5 110. Ka5 Ra1+ 111. Kb4 Ra8 112. Kc3 Kc5
113. Rb2 Bd5 114. Rf2 Ra3+ 115. Kd2 Kd4 116. Rf4+ Be4 117. Rf2 Bf3 118. Ke1
Re3+ 119. Kd2 Rd3+ 120. Kc2 Kc4 121. Rh2 Be4 122. Re2 Bf5 123. Kc1 Rd8 124. Rd2
Bd3 125. Rf2 Kc3 126. Rc2+ $1 {An important defensive trick.} Kd4 127. Rb2 Ke3
128. Rb6 Rd4 129. Kb2 Kd2 130. Ka3 Bc2 131. Rb8 Kc1 132. Ra8 Rc4 133. Ra7 Kd2
134. Rb7 Rh4 135. Rb6 Kc1 136. Ra6 Rc4 137. Ra7 Kd2 138. Rb7 Kc3 139. Rb3+ {
[%mdl 256]} Bxb3 {An exhausting marathon!} 1/2-1/2

[Event "London Classic 2nd"]
[Site "London"]
[Date "2010.12.11"]
[Round "4"]
[White "Kramnik, Vladimir"]
[Black "Howell, David"]
[Result "1-0"]
[WhiteElo "2791"]
[BlackElo "2611"]
[Annotator "Krasenkow,M"]
[PlyCount "83"]
[EventDate "2010.12.06"]
[EventType "tourn"]
[EventRounds "7"]
[EventCountry "ENG"]
[EventCategory "19"]
[SourceTitle "CBM 140"]
[Source "ChessBase"]
[SourceDate "2011.01.18"]
[SourceVersion "1"]
[SourceVersionDate "2011.01.18"]
[SourceQuality "1"]

1. d4 Nf6 2. c4 g6 3. Nc3 d5 4. cxd5 Nxd5 5. e4 Nxc3 6. bxc3 Bg7 7. Be3 c5 8.
Rc1 Qa5 9. Qd2 O-O 10. Nf3 Rd8 11. d5 e6 12. Bg5 f6 {For this line - see
Jakovenko - Ponomariov in CBM 137.} 13. Be3 {Probably the most solid reply.} (
13. Bf4 {has been played in some recent games:} Qa4 (13... exd5 14. exd5 Bf5
15. Be2 Be4 16. d6 Nd7 17. h4 h5 18. O-O Qa4 19. Rfe1 Kh7 20. Bb5 $1 Qxb5 21.
Rxe4 $16 {1-0 Potkin,V (2626)-Zhou Jianchao (2668)/Ningbo 2010/CBM 138 (28)})
14. c4 (14. Qc2 Qxc2 15. Rxc2 exd5 16. exd5 Bf5 17. Rb2 Be4 18. c4 Bxf3 19.
gxf3 b6 20. Re2 Na6 21. a3 Kf7 22. h4 h5 23. Kd2 Re8 $11 {1/2 Ragger,M (2614)
-Bosiocic,M (2562)/Chur 2010/CBM 136 Extra (47)}) 14... exd5 (14... Nc6 15. Be3
exd5 16. exd5 Nb4 17. Bxc5 a5 18. Nd4 Re8+ 19. Be2 Qxa2 20. Nb5 Bf5 21. Qxa2
Nxa2 22. Ra1 Nb4 $13 {0-1 Sargissian,G (2677)-Svidler,P (2731)/Khanty-Mansiysk
RUS 2010/The Week in Chess 830 (39)}) 15. exd5 Na6 16. Be2 Nb4 17. O-O Qxa2 18.
Qe3 Bf5 19. Qxc5 Nxd5 20. cxd5 Qxe2 21. Rfe1 Qa2 $13 {1/2 Ernst,S (2587)
-Gustafsson,J (2646)/Baden-Baden GER 2010/The Week in Chess 831 (27)}) 13...
exd5 (13... Nc6 14. Bd3 {(a recent improvement by GM V.Potkin)} (14. c4 Nb4) (
14. h4 exd5 15. exd5 Bg4 16. Be2 Ne7 (16... Bxf3 17. gxf3 Ne7 {1/2 Harika,D 
(2445)-Gupta,A (2565)/Paleohora 2009/CBM 131 Extra} 18. d6 $36) (16... c4 $5)
17. c4 Qc7 18. Ng5 Bf5 19. Nh3 Nc8 20. g4 Bd7 21. h5 gxh5 22. Nf4 hxg4 23. Qc2
f5 24. Bxg4 Nd6 25. Be2 $44 {1-0 Sundararajan,K (2526)-Konguvel,P (2420)/
Chennai IND 2010/The Week in Chess 796 (48)}) 14... exd5 15. exd5 c4 16. Bxc4
Be6 17. Rd1 Ne7 18. dxe6 $1 Rxd2 19. Rxd2 Qxc3 (19... Nf5 $5) 20. Bb3 Qc1+ 21.
Rd1 Qc3+ 22. Ke2 $5 a5 23. Rd7 a4 24. Rc1 $44 {1/2 Potkin,V (2646)-Svidler,P 
(2722)/Moscow RUS 2010/The Week in Chess 841 (42)}) 14. exd5 Na6 $6 {Not the
best way to develop the knight.} (14... Nc6 15. Bd3 {- see above}) 15. Be2 Be6
$6 (15... c4 16. Bxc4 Be6 17. Rd1 Nc7 18. dxe6 Rxd2 19. Rxd2 {- this version
of the queen sacrifice is more favourable for White than it was in
Potkin-Svidler.}) (15... Bf5 16. O-O Rac8 17. c4 $14 {may be the lesser evil.})
16. c4 Qxd2+ 17. Nxd2 Bd7 18. Ne4 b6 {A typical pawn structure has arisen.
Black has not set up a blockade on d6; therefore, White's chances are better.
To convert his advantage, he must open a second front on the kingside.} 19. h4
$1 {[%mdl 36]} Bf5 20. Nc3 Nb4 21. Kd2 Nc6 {The knight enters the game a bit
too late.} 22. h5 Kf7 {Hardly a useful move.} (22... Ne5 $142) 23. g4 Bc8 24.
hxg6+ hxg6 25. Ne4 Ba6 (25... Ne5 $142 26. f3 $16) 26. Rh7 $1 Kg8 27. Rch1 $1
Ne5 28. Kc3 $2 {Allowing a tactical trick.} (28. g5 $1 fxg5 29. Bxg5 Rf8 $8 30.
Kc3 $1 $16 {leads to the game position.}) 28... Nf7 $6 ({But Black misses} 
28... Rxd5 $1 {e.g.} 29. g5 $1 (29. cxd5 $143 Bxe2) 29... fxg5 30. cxd5 Bxe2
31. Nxg5 Bf6 32. Ne4 Bg7 {holding on.}) 29. Bd3 Ne5 $6 (29... Bc8 $142 $1) 30.
g5 $1 fxg5 31. Bxg5 {White doesn't fear the discovered check as the black
bishop can always be captured.} Rf8 32. Be2 $1 Nf3+ 33. Nf6+ (33. Rxg7+ Kxg7
34. Bh6+ Kg8 35. Bxf8 Rxf8 36. a4 $16 {was equally good.}) 33... Rxf6 34. Rxg7+
Kxg7 35. Bxf6+ Kxf6 36. Bxf3 $16 {[%mdl 4096] This ending is clearly better
for White due to his strong d5-pawn. Black fails to put up any resistance.} Re8
37. Rh7 Re7 38. Rh8 Ke5 $6 (38... Kg7 $142 39. Ra8) 39. Bg4 $1 {[%cal Rh8g8,
Rg8g6]} b5 $6 40. Rd8 Rf7 41. Re8+ Kf4 42. Be6 1-0